Catálogo del Museo de Arte Contemporáneo de Toledo / (Record no. 185271)

MARC details
000 -LEADER
campo de control de longitud fija 00990nam a2200229 i 4500
001 - NÚMERO DE CONTROL
campo de control 185271
003 - IDENTIFICADOR DE NÚMERO DE CONTROL
campo de control SpMaBN
005 - FECHA Y HORA DE LA ÚLTIMA TRANSACCIÓN
campo de control 20231129163746.0
008 - DATOS DE LONGITUD FIJA--INFORMACIÓN GENERAL
campo de control de longitud fija 160504s1975 sp ao c |||| |dspa d
020 ## - NÚMERO INTERNACIONAL ESTÁNDAR DEL LIBRO
Número Internacional Estándar del Libro 84-369-0395-1
080 ## - NÚMERO DE LA CLASIFICACIÓN DECIMAL UNIVERSAL
Número de la Clasificación Decimal Universal 7.036:069.583(460.285 T.)
100 1# - ENTRADA PRINCIPAL--NOMBRE DE PERSONA
Nombre de persona Puente, Joaquín de la.
9 (RLIN) 94146
245 10 - MENCIÓN DEL TÍTULO
Título Catálogo del Museo de Arte Contemporáneo de Toledo /
Mención de responsabilidad, etc. Joaquín de la Puente, Florencio de Santa-Ana.
260 ## - PUBLICACIÓN, DISTRIBUCIÓN, ETC.
Lugar de publicación, distribución, etc. [Madrid] :
Nombre del editor, distribuidor, etc. Servicio de Publicaciones del Ministerio de Educación y Ciencia, Dirección General del Patrimonio Artístico y Cultural,
Fecha de publicación, distribución, etc. [1975]
300 ## - DESCRIPCIÓN FÍSICA
Extensión 248 p. :
Otras características físicas il. ;
Dimensiones 20 cm.
610 27 - PUNTO DE ACCESO ADICIONAL DE MATERIA--NOMBRE DE ENTIDAD CORPORATIVA
Nombre de entidad corporativa o nombre de jurisdicción como elemento de entrada Museo de Arte Contemporáneo de Toledo-
Subdivisión de forma Catálogos.
9 (RLIN) 159480
700 1# - ENTRADA AGREGADA--NOMBRE PERSONAL
Nombre de persona Santa-Ana y Álvarez-Ossorio, Florencio de.
9 (RLIN) 159481
710 1# - ENTRADA AGREGADA--NOMBRE DE ENTIDAD CORPORATIVA
Nombre de entidad corporativa o nombre de jurisdicción como elemento de entrada España.
Unidad subordinada Dirección General del Patrimonio Artístico y Cultural.
9 (RLIN) 3790
852 ## - LOCALIZACIÓN
Ubicación ES-MaACL
Número de control de estantería A-13723
itemnumber 195271
Sublocalización o colección R.123438
Ubicación en estantería Depósito 1
Signatura antigua Olim: N-6723
942 ## - ELEMENTOS DE ENTRADA SECUNDARIOS (KOHA)
Fuente del sistema de clasificación o colocación Clasificación decimal universal
Tipo de ítem Koha Libro impreso
Holdings
Estatus retirado Estado de pérdida Fuente del sistema de clasificación o colocación Estado de daño No para préstamo Biblioteca de origen Biblioteca actual Ubicación en estantería Fecha de adquisición Fuente de adquisición Total de préstamos Signatura topográfica completa Código de barras Visto por última vez Precio de reemplazo Tipo de ítem Koha
    Clasificación decimal universal     Biblioteca del Ateneo de Madrid Biblioteca del Ateneo de Madrid Depósito 1 04/05/2016 Donación   A-13723 1195197 23/02/2023 23/02/2023 Libro impreso